| 000 | 00451nam a2200133 a 4500 | ||
|---|---|---|---|
| 008 | 120416s1966 ||||||||||||||||| || u | ||
| 050 | _aQA 300 Fle | ||
| 100 | _aFlett, T. M | ||
| 245 | 1 | 0 | _aMathematical analysis |
| 260 |
_aNew York _bMcGraw-Hill _c1966 |
||
| 300 | _aix, 439p. : ill. | ||
| 350 | _a0.00 | ||
| 995 |
_D0.00 _FCBU-MAIN LIBRARY (Kitwe) _H1 _I5.10 _M1 _UDAMAGED _ZMain Library Open Access Collection |
||
| 999 |
_c50634 _d50634 |
||